Quantitative technique:for managerial decision .- Vol-1 (Record no. 628)

MARC details
000 -LEADER
Fixed length control field 00480nam a2200181 4500
003 - CONTROL NUMBER IDENTIFIER
Control field SEACOMEC
005 - DATE AND TIME OF LATEST TRANSACTION
Control field 20240806161428.0
008 - FIXED-LENGTH DATA ELEMENTS--GENERAL INFORMATION
Fixed length control field 240212b |||||||| |||| 00| 0 eng d
020 ## - INTERNATIONAL STANDARD BOOK NUMBER / ISBN
Price Rs.290.00
040 ## - CATALOGING SOURCE
Original cataloging agency SEACOMEC
082 ## - DEWEY DECIMAL CLASSIFICATION NUMBER
Classification number 658.4034
Book Number J59
100 ## - MAIN ENTRY--PERSONAL NAME
Personal name Jhamb,L.C.
245 1# - TITLE STATEMENT
Title Quantitative technique:for managerial decision .- Vol-1
Statement of responsibility L.C. Jhamb
250 ## - EDITION STATEMENT
Edition statement 13th rev.ed.
260 ## - IMPRINT
Place of publication Pune
Name of publisher Everest
Date of publication 2004
650 ## - SUBJECT ADDED ENTRY--TOPICAL TERM
Topical term Technology,Executive management
942 ## - ADDED ENTRY ELEMENTS (KOHA)
Koha item type Books
Holdings
Withdrawn status Lost status Source of classification Damaged status Not for loan Home library Current library Date acquired Total Checkouts Call number Accession number Date last seen Price effective from Koha item type Copy number
    Dewey Decimal Classification     SEACOM ENGINEERING COLLEGE SEACOM ENGINEERING COLLEGE 07/06/2006   6584034 J59 02422 06/08/2024 06/08/2024 Books  
    Dewey Decimal Classification     SEACOM ENGINEERING COLLEGE SEACOM ENGINEERING COLLEGE 07/06/2006   6584034 J59 02423 06/08/2024 06/08/2024 Books 1
    Dewey Decimal Classification     SEACOM ENGINEERING COLLEGE SEACOM ENGINEERING COLLEGE 07/06/2006   6584034 J59 02424 06/08/2024 06/08/2024 Books 2
    Dewey Decimal Classification     SEACOM ENGINEERING COLLEGE SEACOM ENGINEERING COLLEGE 07/06/2006   6584034 J59 02425 06/08/2024 06/08/2024 Books 3
    Dewey Decimal Classification     SEACOM ENGINEERING COLLEGE SEACOM ENGINEERING COLLEGE 07/06/2006   6584034 J59 02426 06/08/2024 06/08/2024 Books 4
© Seacom Engineering College, All rights reserved.      Powered by Koha